| 000 | 00708nam a2200217 a 4500 | ||
|---|---|---|---|
| 001 | BRL_1949 | ||
| 005 | 20190320211440.0 | ||
| 008 | 251116s2009----mx-a######---#000-0#spa-# | ||
| 041 | _aspa | ||
| 044 | _amx | ||
| 050 | 4 |
_aTX769 _b.I35 2009 |
|
| 100 | 1 |
_aIglesias y Cabrera, Sonia _928288 |
|
| 245 | 1 | 0 |
_aEl pan popular _cSonia Iglesias y Cabrera ; revisión y actualización Marco Buenrostro. |
| 260 |
_aMéxico _bFONART Fondo Nacional para el Fomento de las Artesanías _c2009 |
||
| 300 |
_a35 p. _bil. _c21 cm. |
||
| 440 | 0 |
_aArtesanías tradicionales. Apuntes monográficos _927490 |
|
| 650 | 1 | 4 |
_aPan _928289 |
| 650 | 1 | 4 |
_aCocina mexicana _928290 |
| 700 | 1 |
_aBuenrostro, Marco _911025 |
|
| 942 |
_2lcc _cB |
||
| 999 |
_c10756 _d10756 |
||